=LDR 00000nam 2200000 4500 =001 NUTBA000000000004042 =005 20140902101141.0 =006 =007 =008 =020 ##$$a 979-731-485-5 =035 ##$$0010-091400000000075 =040 ##$$a NBPDMAT =082 ##$$a 540 =084 ##$$a 540 Ruk k =100 ##$$a Rukaesih Achmad =245 ##$$a kimia lingkungan / $c Dr. Rukaesih Achmad M.Si =250 ##$$a Cet. 1 =260 ##$$a Yogyakarta : $b Andi, $c 2011 =300 ##$$a xvi, 284 hlm. : $b ilus. ; $c 25 cm. =650 ##$$a KIMIA =990 ##$$a 21409392 =990 ##$$a 0001/BPAP-NTB/20142014 =990 ##$$a 0001/BPAP-NTB/20142014 =990 ##$$a 0001/BPAP-NTB/20142014 =990 ##$$a 0001/BPAP-NTB/20142014 =990 ##$$a 0001/BPAP-NTB/20142014 =990 ##$$a 21602177/BPAP-NTB/2017 =990 ##$$a 48324832 =990 ##$$a 01201804832 =990 ##$$a 21409392 =990 ##$$a 21409393 =990 ##$$a 21409394 =990 ##$$a 21409395 =990 ##$$a 21409396 =990 ##$$a 21602177/BPAP-NTB/2017